[Event "Groningen op"]
[Site "Groningen"]
[Date "1990.??.??"]
[Round "2"]
[White "Volke, Karsten"]
[Black "Tukmakov, Vladimir B"]
[Result "1/2-1/2"]
[WhiteElo "2400"]
[BlackElo "2520"]
[Annotator "Ftacnik,L"]
[PlyCount "91"]
[EventDate "1990.??.??"]
[EventType "swiss"]
[EventRounds "9"]
[EventCountry "NED"]
[SourceTitle "CBM 022"]
[Source "ChessBase"]
[SourceDate "1991.06.01"]
[SourceVersion "1"]
[SourceVersionDate "1991.06.01"]
[SourceQuality "1"]

1. d4 Nf6 2. c4 g6 3. Nc3 d5 4. cxd5 Nxd5 5. e4 Nxc3 6. bxc3 Bg7 7. Bc4 O-O 8.
Ne2 Nc6 9. O-O e5 10. Ba3 Re8 11. Bxf7+ Kxf7 12. Qb3+ Be6 13. d5 Na5 14. dxe6+
Rxe6 15. Qa4 c6 16. Rad1 Qc7 17. Rd3 $5 {N} (17. f4 $6 b5 18. Qc2 Nc4 19. f5
Rf6 20. Bc5 Bf8 $15 {Ftacnik,L-Vaganian,R/Moskva/1985/}) 17... Kg8 (17... b5
18. Qc2 Nc4 19. Bc5 Bf8 20. Rfd1 $1) 18. c4 (18. Rfd1 $5 $14) 18... Bf8 $1 19.
Rfd1 Rf6 20. f3 (20. Rd7 Qb6 21. Rf1 Bc5 $1) 20... Bxa3 21. Rxa3 b6 22. Qb4 (
22. Rad3 Qe7 $1 23. Rd7 Qc5+) 22... Rd8 23. Rad3 Rff8 24. Nc1 c5 25. Qb5 Nc6
26. Rxd8 Rxd8 27. Rxd8+ Nxd8 28. Qe8+ Kg7 29. Nd3 Nf7 30. Qe6 Qd8 31. Qd5 $10
Qg5 32. Kf2 h5 33. h3 h4 34. Kg1 Qe3+ 35. Kh2 Qd4 36. a4 Kf6 37. Qc6+ Qd6 38.
Qxd6+ Nxd6 39. Nb2 a6 40. g3 g5 41. Kg2 Ke6 42. Kf2 b5 43. axb5 axb5 44. cxb5
Nxb5 45. gxh4 gxh4 46. f4 $1 {Ftacnik,L} (46. f4 $1 exf4 47. Kf3 Ke5 48. Nd3+
Kd4 49. Nxc5 Kxc5 50. Kxf4 $10) 1/2-1/2

[Event "Hoogovens-B"]
[Site "Wijk aan Zee"]
[Date "1992.01.??"]
[Round "2"]
[White "Finegold, Benjamin"]
[Black "De Boer, Gert Jan"]
[Result "1-0"]
[WhiteElo "2465"]
[BlackElo "2425"]
[Annotator "Ftacnik,L"]
[PlyCount "79"]
[EventDate "1992.01.??"]
[EventType "tourn"]
[EventRounds "11"]
[EventCountry "NED"]
[EventCategory "10"]
[SourceTitle "CBM 028"]
[Source "ChessBase"]
[SourceDate "1992.06.01"]
[SourceVersion "1"]
[SourceVersionDate "1992.06.01"]
[SourceQuality "1"]

1. d4 Nf6 2. c4 g6 3. Nc3 d5 4. cxd5 Nxd5 5. e4 Nxc3 6. bxc3 Bg7 7. Bc4 O-O 8.
Ne2 b6 9. h4 Nc6 10. Bd5 Qd7 11. h5 e6 12. Bb3 e5 (12... Ba6 13. hxg6 hxg6 14.
Nf4 Rfd8 15. Nxe6 fxe6 16. Qg4 Bc8 17. Qxg6 Nxd4 18. Rh3 $1 $16 {Cramling,
P-Kindermann,S/Hamburg SKA/1991/}) 13. hxg6 hxg6 14. Bh6 Bxh6 (14... exd4 15.
Bxg7 Kxg7 16. Qd2 Rh8 17. Rxh8 Kxh8 18. Qh6+ Kg8 19. Qxg6+ $16) 15. Rxh6 Kg7
16. Qd2 Ba6 17. Ng3 (17. Rh3 Rh8 $1) 17... Qg4 (17... Rh8 18. Nh5+ $1 gxh5 19.
Qg5+ $18) 18. Bd5 Bb7 19. Rh5 $1 gxh5 (19... Rh8 20. Nf5+ Kf6 (20... gxf5 21.
Rg5+ $18) 21. Bxc6 $1 Qxh5 (21... Bxc6 22. dxe5+ Kxe5 (22... Ke6 23. Nd4+ Kd7
24. Nxc6+ $18) 23. Qd4+ Ke6 24. Rxh8 $18) (21... Rxh5 22. dxe5+ Kxe5 23. f4+
Qxf4 24. Qd4+ Ke6 25. Bd7#) 22. dxe5+ Kxe5 23. f4+ Ke6 24. Qd5+ Kf6 25. Qe5#)
20. Nf5+ Kf6 (20... Kh8 21. Qh6+ Kg8 22. Bxc6 $18) 21. Bxc6 Bxc6 22. dxe5+ Kxe5
(22... Ke6 23. Nd4+ Kd7 24. Nxc6+ Kc8 $13) 23. Qd4+ Ke6 (23... Kf4 24. g3+ Kf3
25. Nh4+ $18) 24. f3 Qxg2 (24... Qf4 25. Qc4+ Kd7 26. Rd1+ Kc8 27. Ne7+ $18)
25. Qc4+ Ke5 $1 (25... Kd7 26. O-O-O+ Kc8 27. Qxc6 $16) 26. Qxc6 Qxf3 $2 (26...
Qg1+ 27. Ke2 Qh2+ $1 (27... Qxa1 $2 28. Qxc7+ Kf6 29. Qd6+ Kg5 30. Qh6#) 28.
Kd3 Rfd8+ $1 29. Kc4 Rac8 $13 {Seirawan}) 27. Qxc7+ Kxe4 (27... Kf6 28. Qe7+
Kg6 29. Nh4+ $18) 28. Ng3+ Kd3 (28... Ke3 29. Qe5+ Kd3 30. Qd4+ Kc2 31. Qd2#)
29. Qd6+ Kc4 (29... Kxc3 30. Rc1+ Kb2 31. Qd2+ Ka3 32. Rc3+ $18) 30. Qb4+ Kd5
31. Rd1+ Qxd1+ (31... Kc6 32. Qc4+ Kb7 33. Rd7+) 32. Kxd1 f5 33. Nxh5 $18 Rad8
34. Qb5+ Ke4+ 35. Ke2 f4 36. Qc6+ Kf5 37. Ng7+ Kg4 38. Qg6+ Kh3 39. Kf3 Rd3+
40. Qxd3 {Ftacnik,L} 1-0

[Event "Hamburg SKA"]
[Site "Hamburg"]
[Date "1991.07.09"]
[Round "11"]
[White "Cramling, Pia"]
[Black "Kindermann, Stefan"]
[Result "1-0"]
[WhiteElo "2470"]
[BlackElo "2515"]
[Annotator "Ftacnik,L"]
[PlyCount "49"]
[EventDate "1991.06.27"]
[EventType "tourn"]
[EventRounds "13"]
[EventCountry "GER"]
[EventCategory "11"]
[SourceTitle "CBM 024"]
[Source "ChessBase"]
[SourceDate "1991.10.01"]
[SourceVersion "1"]
[SourceVersionDate "1991.10.01"]
[SourceQuality "1"]

1. d4 Nf6 2. c4 g6 3. Nc3 d5 4. cxd5 Nxd5 5. e4 Nxc3 6. bxc3 Bg7 7. Bc4 O-O 8.
Ne2 b6 9. h4 Nc6 10. Bd5 Qd7 11. h5 e6 (11... Ba6 12. hxg6 hxg6 13. Nf4 e6 14.
Qg4 Rfd8 15. Bxe6 fxe6 16. Qxg6 Bc4 17. Qh7+ Kf7 18. Nh5 Rg8 19. Rh3 Raf8 20.
Nxg7 Rh8 21. Rf3+ Ke7 22. Ba3+ Nb4 23. Bxb4+ c5 24. dxc5 Rxh7 25. cxb6+ {
1-0/Spassky,B-Timman,J/Amsterdam/1977/}) 12. Bb3 Ba6 13. hxg6 hxg6 14. Nf4 Rfd8
$6 (14... Rfe8 $14) 15. Nxe6 $1 fxe6 16. Qg4 Bc8 (16... Nxd4 17. cxd4 Bc8 18.
Bb2 $18) 17. Qxg6 Nxd4 (17... Qf7 $2 18. Rh8+ $1 $18) 18. Rh3 $1 (18. cxd4 Qxd4
19. Rb1 (19. Bxe6+ Bxe6 20. Qxe6+ Kf8 21. Ba3+ c5 $13) 19... Qf6 20. Qh7+ Kf7
21. Rh3 Rh8) 18... Nxb3 (18... Rf8 19. cxd4 $18) 19. Qh7+ Kf8 (19... Kf7 20.
Rf3+ Ke7 21. Ba3+ c5 22. Qxg7+ Kd6 23. Rd1+ $18) 20. Rf3+ Qf7 21. Bh6 $1 Qxf3
22. Qxg7+ Ke8 23. gxf3 Nxa1 24. Bg5 Nc2+ 25. Kf1 {Ftacnik,L} (25. Kf1 Ba6+ 26.
Kg2 Ne1+ 27. Kg3 Rd7 28. Qg8#) 1-0

[Event "NED-ch52"]
[Site "Rotterdam"]
[Date "1997.06.22"]
[Round "2"]
[White "Timman, Jan H"]
[Black "Riemersma, Liafbern"]
[Result "1-0"]
[WhiteElo "2630"]
[BlackElo "2435"]
[Annotator "Ftacnik,L"]
[PlyCount "43"]
[EventDate "1997.06.21"]
[EventType "tourn"]
[EventRounds "11"]
[EventCountry "NED"]
[EventCategory "12"]
[SourceTitle "CBM 060"]
[Source "ChessBase"]
[SourceDate "1997.09.29"]
[SourceVersion "1"]
[SourceVersionDate "1997.09.29"]
[SourceQuality "1"]

1. d4 {VanderWiel Baburin,A} Nf6 2. c4 g6 3. Nc3 d5 4. cxd5 Nxd5 5. e4 Nxc3 6.
bxc3 Bg7 7. Bc4 Nc6 8. Ne2 b6 9. h4 {Baburin: Enjoing the stability in the
centre (...c7-c5 was not played!), White starts a direct attack on the
kingside.} O-O 10. Bd5 Bb7 $6 (10... Qd7 $5 11. h5 (11. Ba3 Rd8 12. h5 e6 13.
Bb3 Ba6 14. hxg6 hxg6 15. Nf4 Nxd4 16. cxd4 Bxd4 17. Rc1 Qb5 18. Bd5 Qa5+ 19.
Qd2 Qxa3 20. Rh3 Qb2 21. Rc2 Qa1+ 22. Rc1 Bxf2+ 23. Kxf2 Qf6 24. Rch1 {1-0
Petran,P-Kosa,L/HUN/1978 (34)}) 11... e6 (11... Ba6 12. hxg6 hxg6 13. Nf4 e6
14. Qg4 Rfd8 15. Bxe6 fxe6 16. Qxg6 Bc4 17. Qh7+ Kf7 18. Nh5 Rg8 19. Rh3 Raf8
20. Nxg7 Rh8 21. Rf3+ Ke7 22. Ba3+ Nb4 23. Bxb4+ c5 24. dxc5 Rxh7 25. cxb6+ {
1-0/Spassky,B-Timman,J/Amsterdam/1977/}) 12. Bb3 Ba6 (12... e5 13. hxg6 hxg6
14. Bh6 Bxh6 (14... exd4 15. Bxg7 Kxg7 16. Qd2 Rh8 17. Rxh8 Kxh8 18. Qh6+ Kg8
19. Qxg6+ $16) 15. Rxh6 Kg7 16. Qd2 Ba6 17. Ng3 (17. Rh3 Rh8 $1) 17... Qg4 (
17... Rh8 18. Nh5+ $1 gxh5 19. Qg5+ $18) 18. Bd5 Bb7 19. Rh5 $1 {/\ Nf5, Qh6,
Rg5} gxh5 20. Nf5+ Kf6 21. Bxc6 Bxc6 22. dxe5+ Kxe5 (22... Ke6 23. Nd4+ Kd7 24.
Nxc6+ Kc8 $13) 23. Qd4+ Ke6 {1-0 Finegold,B-De Boer,G/Wijk-B 1992 (39)}) 13.
hxg6 hxg6 14. Nf4 Rfd8 $6 {/\ Nd4-+} (14... Rfe8 $14) (14... Rfe8) 15. Nxe6 $1
fxe6 (15... Re8 16. Ng5) 16. Qg4 Bc8 (16... Nxd4 17. cxd4 Bc8 18. Bb2 $18) (
16... Kf7 17. Rh7 $1 Rg8 $8 18. Bh6 Raf8 19. Bxg7 Rxg7 20. Bxe6+ Qxe6 21. Rxg7+
) 17. Qxg6 Nxd4 18. Rh3 $1 Nxb3 (18... Qf7 19. Qh7+ $1 Kf8 20. cxd4 Bxd4 21.
Rf3 Bc3+ 22. Kf1 Qxf3 23. gxf3 Bxa1 24. Bh6+ Ke8 25. Bg5 $18) 19. Qh7+ Kf8 20.
Rf3+ Qf7 (20... Ke7 21. Ba3+ c5 22. Qxg7+ Kd6 23. Rd1+ Kc6 24. Rxd7 Rxd7 25.
Qe5 $18) 21. Bh6 $1 {1-0 Cramling,P-Kindermann,S/Hamburg SKA/1991 (24)}) (10...
Bd7 11. h5 e6 12. Bb3 Na5 13. e5 c5 14. Qd3 Nxb3 15. axb3 cxd4 16. cxd4 f5 17.
hxg6 hxg6 18. Nf4 g5 19. Ng6 Bc6 20. Qh3 Qxd4 21. Ne7+ Kf7 22. Qh5+ Kxe7 23.
Ba3+ Kd7 24. Rd1 Qxd1+ 25. Qxd1+ Bd5 26. Rh7 {1-0 Tarjan,J-Strauss,D/USA 1978})
11. h5 e6 12. Bb3 Na5 13. hxg6 (13. Bc2 e5 14. Qd3 Re8 15. hxg6 fxg6 16. Qh3 h5
17. d5 Qc8 18. Qg3 Qg4 19. Qxg4 hxg4 20. Rh4 Bc8 21. Ba4 Rf8 22. Ba3 Bf6 23.
Bxf8 Bxh4 24. Bb4 Nc4 {0-1 Joyce,J-Littlewood,J/Dublin 1995 (46)}) 13... hxg6
14. Qd3 Nxb3 15. axb3 f5 (15... e5 16. Qh3 f6 17. d5 Qc8 18. Qh7+ Kf7 19. Bh6
Rg8 20. f4 Qe8 21. O-O Bc8 22. fxe5 Qxe5 23. Nf4 f5 24. Qxg6+ Kf8 25. Ne6+ Ke7
26. Nxg7 Bd7 27. exf5 {1-0 Petran,P-Krnic,Z/Belgrade (C.Zvezda) 1977}) 16. Qg3
$1 (16. exf5 exf5 $13) 16... Bxe4 {Baburin: It was imprudent to allow White to
take on g6.} (16... Qf6 17. e5 Qf7 18. Nf4 $16) (16... Kf7 17. Nf4 g5 18. Nh3
g4 19. Ng5+ $18) 17. Qxg6 {Baburin: From g6 the queen does a lot of work:
attacks the e6-pawn and intends to move to the h-file.} Qf6 (17... Qe8 18. Qh7+
Kf7 19. Bh6 Rg8 20. Nf4 $18) 18. Qh5 (18. Qh7+ Kf7 19. Rh6 Qe7 (19... Rh8 $1 {
Van der Wiel} 20. Rxf6+ Kxf6) 20. Qg6+ Kg8 21. Bg5 $18) 18... e5 $2 (18... Rfe8
19. Rxa7 $1 Rxa7 20. Qxe8+ $18) (18... Qe7 19. Nf4 $18) (18... f4 $142 {
Van der Wiel}) 19. Qh7+ $1 Kf7 20. Rh6 Qd8 (20... Qe7 21. Rg6 Rg8 22. Bh6 $18)
(20... Rh8 {Van der Wiel} 21. Rxf6+ Kxf6 22. dxe5+ Kf7 23. e6+ Kf6 24. Bg5+ $1)
21. Rg6 Rg8 22. Bh6 (22. Bh6 Qf8 23. dxe5 $18) 1-0

[Event "Salamanca"]
[Site "Salamanca"]
[Date "1990.??.??"]
[Round "4"]
[White "Rodriguez Vargas, Orestes"]
[Black "De la Villa Garcia, Jesus Maria"]
[Result "1-0"]
[WhiteElo "2500"]
[BlackElo "2450"]
[Annotator "Ftacnik,L"]
[PlyCount "69"]
[EventDate "1990.02.??"]
[EventType "tourn"]
[EventRounds "9"]
[EventCountry "ESP"]
[EventCategory "9"]
[SourceTitle "CBM 018"]
[Source "ChessBase"]
[SourceDate "1990.10.01"]
[SourceVersion "1"]
[SourceVersionDate "1990.10.01"]
[SourceQuality "1"]

1. d4 Nf6 2. c4 g6 3. Nc3 d5 4. cxd5 Nxd5 5. e4 Nxc3 6. bxc3 Bg7 7. Bc4 c5 8.
Ne2 Nc6 9. Be3 cxd4 10. cxd4 Qa5+ 11. Bd2 Qa3 12. Bc3 (12. d5 Ne5 13. Bb5+ Bd7
14. Bxd7+ Nxd7 15. Rb1 Qxa2 16. O-O Nc5 $13 {Lutz,C-Spiridonov/Pau/1988/})
12... O-O 13. Qd2 Rd8 14. Rd1 {N} (14. O-O b6 15. Rab1 Qd6 $10 {ECO}) 14... Ne5
$1 (14... Nxd4 15. Bxd4 Bxd4 (15... e5 16. Bc5 $18) 16. Nxd4 e5 17. Nb5 $18)
15. Bb5 a6 (15... Bg4 16. Bb4 Qf3 $8 17. dxe5 $1 (17. gxf3 $4 Nxf3+ 18. Kf1
Bh3#) 17... Qxg2 18. Qxd8+ Rxd8 19. Rxd8+ Bf8 20. Rg1 Qxe4 21. Rxg4 Qxg4 22.
Bxe7 $18) 16. Bb4 Nf3+ (16... Qf3 17. O-O axb5 18. gxf3 Nxf3+ 19. Kg2 Nxd2 20.
Rxd2 $17) 17. gxf3 Qxf3 18. Qf4 (18. Rg1 axb5 $19) (18. O-O Bh3 19. Nf4 Bxf1
20. Bxf1 Bh6 $19) 18... Qxh1+ (18... Qxf4 19. Nxf4 axb5 $17) 19. Kd2 Bxd4 $4 (
19... Qg2 20. Bxe7 axb5 21. Bxd8 Rxa2+ 22. Ke3 Bg4 23. f3 Bh6 $1 $19) 20. Rxh1
Be5+ 21. Bd3 Bxf4+ 22. Nxf4 e6 23. Be7 Re8 24. Bf6 Bd7 25. h4 b5 26. Bb1 e5 (
26... h6 27. e5 Bc6 28. Rg1 $40) 27. Nd5 Re6 28. Ke3 (28. Nc7 Rxf6 29. Nxa8
Rxf2+ $14) 28... Rb8 29. f4 $1 exf4+ 30. Kxf4 Bc6 31. Be5 $1 Rbe8 32. Nf6+
Rxf6+ 33. Bxf6 Re6 34. Bc3 f5 $2 35. exf5 {Ftacnik,L} 1-0

[Event "Linares 08th"]
[Site "Linares"]
[Date "1990.??.??"]
[Round "1"]
[White "Beliavsky, Alexander G"]
[Black "Gulko, Boris F"]
[Result "1-0"]
[WhiteElo "2640"]
[BlackElo "2610"]
[Annotator "Ftacnik,L"]
[PlyCount "71"]
[EventDate "1990.02.??"]
[EventType "tourn"]
[EventRounds "11"]
[EventCountry "ESP"]
[EventCategory "16"]
[SourceTitle "CBM 017"]
[Source "ChessBase"]
[SourceDate "1990.08.01"]
[SourceVersion "1"]
[SourceVersionDate "1990.08.01"]
[SourceQuality "1"]

1. d4 Nf6 2. c4 g6 3. Nc3 d5 4. cxd5 Nxd5 5. e4 Nxc3 6. bxc3 Bg7 7. Bc4 O-O 8.
Ne2 Nc6 9. O-O b6 10. Bg5 Bb7 11. Qd2 Qd6 12. Rad1 Na5 13. Bd3 c5 14. d5 e6 (
14... e5 15. f4 f5 16. fxe5 Bxe5 17. Bh6 Rf6 {Cramling,P-Ftacnik,L/Haninge/
1989/ -> CBM 13} 18. exf5 $1 Bxh2+ 19. Kh1 Be5 20. fxg6 hxg6 21. Qg5 $16) 15.
c4 Ba6 16. Qc1 {N} (16. Qc2 exd5 17. exd5 Qd7 18. Ng3 Rae8 19. Bd2 $6 Nb7 20.
Ne4 Nd6 21. Nxd6 Qxd6 22. Qa4 Bc8 23. Qxa7 Be5 $44 {Yusupov,A-Gulko,B/Hastings/
1989/}) 16... exd5 17. exd5 Rae8 18. Ng3 $1 Qd7 19. Rfe1 f5 $6 (19... Nb7 20.
Rxe8 (20. Ne4 f5) 20... Rxe8 21. Ne4) 20. Ne2 $1 Nb7 21. Nf4 Rxe1+ (21... h6
22. Nxg6 hxg5 23. Nxf8 $16) 22. Rxe1 Re8 23. Ne6 Bh8 (23... Nd6 24. Nxg7 $16)
24. Nc7 $3 Rxe1+ 25. Qxe1 Qxc7 26. Qe8+ Kg7 27. Bd2 Qd8 $8 28. Bc3+ Kh6 29.
Qe3+ (29. Qxh8 Qxh8 30. Bxh8 Nd6) 29... Qg5 $8 (29... g5 30. Qh3+ Kg6 31. Qxf5+
) 30. f4 Qg4 31. Bxh8 Qd1+ 32. Bf1 Nd6 33. Qh3+ Qh5 34. Qc3 Ne8 35. d6 $1 Qd1
36. Qh3+ {Ftacnik,L} 1-0

[Event "Dortmunder Schachtage-A 18th"]
[Site "Dortmund"]
[Date "1990.04.09"]
[Round "5"]
[White "Browne, Walter Shawn"]
[Black "Kindermann, Stefan"]
[Result "1/2-1/2"]
[WhiteElo "2560"]
[BlackElo "2560"]
[Annotator "Ftacnik,L"]
[PlyCount "84"]
[EventDate "1990.04.05"]
[EventType "tourn"]
[EventRounds "11"]
[EventCountry "GER"]
[EventCategory "13"]
[SourceTitle "CBM 018"]
[Source "ChessBase"]
[SourceDate "1990.10.01"]
[SourceVersion "1"]
[SourceVersionDate "1990.10.01"]
[SourceQuality "1"]

1. d4 Nf6 2. c4 g6 3. Nc3 d5 4. cxd5 Nxd5 5. e4 Nxc3 6. bxc3 Bg7 7. Bc4 O-O 8.
Ne2 b6 9. Bg5 Bb7 10. Bd3 Nc6 11. O-O Qd7 12. Qd2 Na5 13. Rad1 c5 14. d5 e6 15.
c4 Ba6 16. Qc2 exd5 17. exd5 Rfe8 (17... Qg4 18. f4 h6 19. h3) 18. Ng3 Qg4 $1
19. Bd2 (19. f4 h6 20. h3 Qxg3 21. Rf3 Bd4+ 22. Kh1 Re1+ 23. Bf1 Qxf3 24. gxf3
Rxd1 25. Qxd1 hxg5 $19) 19... Bxc4 (19... Nxc4 $5 20. Bc1 b5 $13) 20. Bxa5 Bxd3
21. Rxd3 c4 $1 (21... bxa5 22. Qxc5 $16) 22. Rc3 $1 bxa5 23. Rxc4 Rac8 $1 24.
Rc6 (24. Rxg4 Rxc2 25. Ra4 Rc5 $10) (24. Rc1 Rxc4 25. Qxc4 Re1+ 26. Nf1 Qxc4
27. Rxc4 Rd1 $10) 24... Rcd8 25. Rd1 Bd4 26. d6 $8 (26. h3 $2 Qxg3 27. Rxd4
Re1#) 26... Re6 27. Kh1 (27. Rc4 Rexd6 28. Ne2 Re6 29. Rcxd4 Rxd4 30. Nxd4 Qxd4
$1) 27... Rexd6 28. Rxd6 Rxd6 29. Ne4 Rc6 $1 30. Qd3 Be5 (30... Bb6 31. Qd5)
31. Qd5 Rc8 32. h3 (32. f3 Qf4 33. Ng3 Rc1 $17) 32... Qf4 33. g3 Qf3+ 34. Kg1
Bg7 (34... Rc2 35. Re1 (35. Qxe5 $5 Qxd1+ 36. Kg2 Qe2 37. Qb8+ Kg7 38. Qe5+ $10
) 35... Qf5 36. Qxa5) 35. Re1 a4 36. Qd7 Rf8 37. Qxa4 Qf5 38. h4 (38. Qxa7 Qxh3
$132) 38... a5 39. Ng5 h6 40. Ne4 Kh8 41. Nd6 Qd5 42. Rd1 Qf3 {Ftacnik,L}
1/2-1/2

[Event "USA-ch"]
[Site "Seattle"]
[Date "2000.10.01"]
[Round "6"]
[White "Seirawan, Yasser"]
[Black "Yermolinsky, Alex"]
[Result "1-0"]
[WhiteElo "2647"]
[BlackElo "2596"]
[Annotator "Krasenkow,M"]
[PlyCount "81"]
[EventDate "2000.09.25"]
[EventType "tourn"]
[EventRounds "11"]
[EventCountry "USA"]
[EventCategory "14"]
[SourceTitle "CBM 080"]
[Source "ChessBase"]
[SourceDate "2001.01.25"]
[SourceVersion "1"]
[SourceVersionDate "2001.01.25"]
[SourceQuality "1"]

1. d4 Nf6 2. c4 g6 3. Nc3 d5 4. cxd5 Nxd5 5. e4 Nxc3 6. bxc3 Bg7 7. Bc4 O-O 8.
Ne2 Qd7 9. O-O b6 10. Be3 Bb7 11. f3 Nc6 {In this system Black delays his
central action, maintaining both possibilities: ...e7-e5 and ...Nc6-a5
followed by ...c7-c5.} 12. Rb1 {A relatively rare move. Other possibilities:} (
12. Rc1 Rad8 (12... Rfd8 13. Bb5 a6 14. Ba4 b5 15. Bb3 Na5 16. Qc2 e5 17. Rfd1
Qe7 18. d5 c6 19. Bb6 Nxb3 20. axb3 Rd7 21. c4 Bh6 22. Ra1 Rc8 23. Qd3 $14 {
[%csl Rb7,Gd5]} cxd5 24. cxd5 Qb4 25. Kh1 Kg7 26. Qb1 Qd6 27. Ba5 {Beliavsky,
A-Vaganian,R/USSR (ch) 1974/1-0 (52)}) (12... Na5 13. Bd3 c5 (13... Rad8 14.
Kh1 c5 15. d5 Bxd5 16. exd5 Qxd5 17. Be4 Qxa2 18. Qc2 Qc4 19. g4 Qe6 20. c4 $16
{1-0 Holm,S-Sax,G/Budapest Tungsram 1975 (34)}) 14. d5 c4 15. Bc2 Rad8 16. Rb1
e6 17. dxe6 Qxe6 18. Qc1 Rfe8 19. Nd4 Qc8 20. Rd1 Nc6 21. Ba4 Re5 22. Bxc6 Bxc6
23. Rb4 $14 {Rea,A-Jansen,B/NATO-ch 1989/1-0 (39)}) (12... e6 $5 13. Bb5 a6 14.
Bd3 Rad8 15. Bb1 f5 16. Bg5 Rde8 17. Qd2 b5 18. e5 Na5 19. h4 c5 20. h5 gxh5
21. Ng3 Nc4 22. Qf4 cxd4 23. cxd4 h6 24. Bh4 Qf7 25. a4 Bd5 26. axb5 axb5 {
Holm,S-Poutiainen,P/Budapest Tungsram 1975/0-1 (40)}) 13. Qd2 Na5 14. Bd3 c5
15. Rfd1 Qa4 16. Bh6 Bxh6 (16... Nc4 17. Bxc4 Qxc4 18. Bxg7 Kxg7 19. Ng3 f6 20.
Nf1 Qf7 21. Ne3 cxd4 22. cxd4 Rd7 23. d5 Rfd8 24. Ng4 h5 25. Qh6+ Kg8 26. Ne3 {
Spassky,B-Larsen,B/Beverwijk 1967/1-0 (37)}) 17. Qxh6 cxd4 18. cxd4 Qxa2 19.
Nf4 Qb2 $1 $132 {Spassky}) (12. Bb5 a6 (12... e6 13. Rb1 Rad8 (13... Qe7 14.
Qa4 (14. Qc1 $14 {Hort}) 14... Na5 15. Qb4 Qxb4 16. cxb4 a6 17. Bd3 Nc6 18.
Rfc1 Rfd8 19. Rb3 Rac8 20. e5 Ne7 21. Bg5 Bf8 22. Be4 Bd5 {Tukmakov,V-Tseitlin,
M/URS-ch39 Leningrad 1971/1/2-1/2 (51)}) 14. Bg5 f6 15. Bh4 g5 16. Bf2 f5 17.
exf5 exf5 18. Ng3 Qf7 19. Re1 Ne7 20. Bd3 $14 {1-0 Hort,V-Gulko,B/Polanica
Zdroj 1977 (41)}) 13. Ba4 (13. Bd3 Rfd8 14. Rb1 Ne5 15. c4 b5 16. c5 e6 17. Bg5
Nxd3 $1 18. Bxd8 Bxd4+ 19. Kh1 Rxd8 20. Qxd3 Bxc5 $15 {Atalik}) 13... b5 14.
Bb3 Na5 (14... e5 15. Qd2 Na5 16. Rfd1 Nxb3 17. axb3 exd4 18. Bxd4 Bxd4+ 19.
cxd4 f5 20. e5 Bd5 21. Qe3 c6 22. Nf4 Rfe8 23. Ra5 Qb7 24. Nd3 {Karpov,
A-Gavrikov,V/Mazatlan rapid 1988/1-0 (47)}) 15. Qc1 Rfd8 16. Qa3 Nxb3 17. axb3
a5 18. Rfd1 Qd6 19. b4 a4 20. Rac1 (20. Nc1 $5 {Atalik}) 20... e5 21. d5 c6 $13
{Begic,S-Atalik,S/Bosnian League 2000/0-1 (50)}) (12. Qd2 Na5 (12... Rfd8 $5 {
deserves attention although it has not yet been tested at the top level.} 13.
Rad1 (13. Rfd1 Qe8 14. Qe1 Na5 15. Bd3 c5 16. Rac1 Rac8 17. Qf2 cxd4 18. cxd4
Qa4 19. Nc3 Rxc3 20. Bb5 Qa3 21. Rxc3 Qxc3 {0-1 Carparelli,L-Kostic,V/
Mendrisio op 1989}) 13... Na5 14. Bd3 Qa4 15. Bg5 Rd7 16. Qb2 Nc4 17. Qb3 Qxb3
18. axb3 Nb2 19. Bb5 Nxd1 20. Bxd7 Nxc3 21. Nxc3 Bxd4+ 22. Kh1 Bxc3 23. Bxe7 c5
24. g4 a5 25. Rd1 Bd4 26. Kg2 Bxe4 27. fxe4 {Barranco Sanz,L-Karasusan Izcue,S/
TCh-ESP 2000/0-1 (38)}) 13. Bd3 c5 14. Bh6 Bxh6 (14... Rfd8 15. Bxg7 Kxg7 16.
d5 e5 17. c4 Ba6 18. Qc3 f6 19. f4 {+/= Polugaevsky,L-Plachetka,J/Moskva 1977})
15. Qxh6 cxd4 16. cxd4 Nc6 17. Bb5 Qd6 18. Rfd1 Rac8 19. e5 Nxe5 20. dxe5 Qc5+
21. Nd4 Rfd8 22. Qe3 Rd5 23. Rd3 Rxe5 24. Qf2 Rd5 25. f4 Rxd4 26. Rxd4 Qxb5 {
1/2-1/2 Smirnov,A-Karasev,V/Paul Keres mem 2000 (34)}) 12... Rad8 (12... Rfd8 {
is also possible, e.g.} 13. Qc1 e5 14. Rd1 Na5 15. Bd3 Qe7 16. Bg5 f6 17. Be3
Qf7 18. d5 c6 19. c4 Rac8 20. Qd2 Ba6 21. c5 $6 Nc4 22. Bxc4 Bxc4 23. cxb6 cxd5
24. exd5 axb6 (24... Rxd5 $15) 25. d6 b5 26. Nc3 Bf8 27. Ne4 f5 28. d7 Rc7 29.
Bg5 Be7 30. Nd6 Qe6 31. Bxe7 Qxe7 32. Nxc4 Rcxd7 33. Qe2 Rxd1+ 34. Rxd1 Rxd1+
35. Qxd1 Qc5+ $17 {Gaertner,G-Konopka,M/Prague Bohemians-B 1992/1/2-1/2 (59)})
13. Qc1 Na5 14. Bd3 c5 15. Qa3 Qc8 16. Rfd1 Ba6 17. Bxa6 Qxa6 18. Nf4 cxd4 19.
cxd4 Rd7 20. d5 Rc8 {Black has obtained a good position. He controls the
c-file and the c4 square, and the white f4 knight is misplaced.} 21. Rbc1 Bf8
$2 {[%mdl 16384] But this gross error allows the advance of White's central
pawns supported by, now perfectly placed, the f4 knight!} (21... Qb7 $11 {
Yermolinsky}) 22. e5 Qb7 (22... e6 23. d6 $16 {[%csl Gd6]}) 23. Qd3 Rdc7 24. e6
Rxc1 ({It is more logical not to yield the e6 square to White's knight but
with the strong wedge on e6 White can create a dangerous attack anyway, e.g.} 
24... f5 25. g4 fxg4 (25... Nc4 26. gxf5 Nb2 27. Qb1 Nxd1 28. fxg6 $40) 26.
Nxg6 Bg7 27. Nh4 $36 (27. Nxe7+ Rxe7 28. fxg4 $44)) 25. exf7+ Kxf7 26. Bxc1 $16
{[%csl Ge6]} Bg7 27. Ne6 Bf6 28. f4 $1 {White is starting to consequently
break down the position of the black king.} Qd7 29. f5 Qa4 30. Rf1 gxf5 (30...
Qc4 $142 {(Yermolinsky) maintaining the g6 pawn} 31. fxg6+ hxg6 32. Qf3 Ke8 $16
) 31. Qxf5 Qc2 32. Qh5+ Qg6 33. Qh3 Rg8 $2 {This move loses by force but
White's attack was hard to parry anyway, e.g.} (33... Rc2 34. d6 exd6 35. Bg5
$18 {Yermolinsky}) (33... Kg8 34. Nf4 Qe8 35. Nh5 $18) 34. Bg5 $2 {missing the
chance. However, White now (after Bxf6 exf6) obtains a strong passed pawn and
the position of the black king is compromised so Black can hardly survive
anyway.} (34. Ng5+ $142 $1 Kg7 (34... Kf8 35. Rxf6+ exf6 36. Qd7) 35. Rxf6 $1
exf6 36. Qd7+ Kh8 37. Nf7+ Kg7 38. Ne5+ $18) 34... Nc4 35. Qc3 b5 36. g3 Rc8
37. Bxf6 exf6 38. Qd4 Nb6 39. Nc5 Qg5 $2 (39... Rd8 40. d6 $18 {[%csl Gd6,Rf6]}
) 40. Ne4 Qxd5 41. Qxd5+ 1-0